<La> question de l'Ecu: plaidoyer pour la simplicité.
Niekoľko základných údajov: dichotómia ECU. Odchýlky medzi teoretickou a trhovou hodnotou. Technické ťažkosti s ECU. Súkromné ECU a proces menovej únie. Príloha: paralelná mena v závoze. Silná ECU: riziká odchýlky projektu ES. V budúcnosti sa má pripraviť bankovka ECU. (Banque 1991, č. 513.).
Enregistré dans:
| Auteur principal: | |
|---|---|
| Format: | Chapitre de livre |
| Langue: | français |
| Sujets: | |
| Tags: |
Pas de tags, Soyez le premier à ajouter un tag!
|
MARC
| LEADER | 00000naa a2200000 4500 | ||
|---|---|---|---|
| 001 | r004686 | ||
| 005 | 20221125091652.8 | ||
| 041 | 0 | |a fre | |
| 044 | |a FR | ||
| 245 | 1 | 0 | |a <La> question de l'Ecu: plaidoyer pour la simplicité. |c P. Villiaz |
| 520 | |a Niekoľko základných údajov: dichotómia ECU. Odchýlky medzi teoretickou a trhovou hodnotou. Technické ťažkosti s ECU. Súkromné ECU a proces menovej únie. Príloha: paralelná mena v závoze. Silná ECU: riziká odchýlky projektu ES. V budúcnosti sa má pripraviť bankovka ECU. (Banque 1991, č. 513.). | ||
| 610 | 2 | 0 | |a ECU |
| 610 | 2 | 0 | |a únie menové |
| 610 | 2 | 0 | |a západná Európa |
| 610 | 2 | 0 | |a Európske spoločenstvá |
| 100 | 1 | |a Villiaz, P. | |